000 00519nam a2200205Ia 4500
003 OSt
005 20230508094737.0
008 210423s2011 xx 000 0 und d
020 _a9788120335691
040 _cAL
041 _aeng
082 _a530.7 MURD
_223
100 _aMURTY (D V S).
_999759
245 _aTransducers and instrumentation.
260 _aNew Delhi
_bPHI Learning Pvt Ltd
_c2011
300 _axx,723
_bPB
365 _b375
_cINR
906 _ainstrumentation. ; Transducers
942 _2ddc
_cBK
999 _c162390
_d162390